Представление документа в формате RUSMARC

ПолеНазваниеЗначение
  Тип записи a
  Библиографический уровень a
001 Контрольный номер RU/CBS_UL/BASE/703101339
005 Дата корректировки 20240209175322.4
100 Данные общей обработки __
a Данные общей обработки 20220412d2022 ||| 0rusy0189 ca
101 Язык документа 0_
a Язык текста rus
102 Страна публикации __
a Страна публикации RU
105 Кодированные данные (монография) __
a Кодированные данные (монография) y###||||000|y
181 Поле кодированных данных: вид содержания _1
a Код вида содержания (ISBD) i#
b Код характеристики содержания (ISBD) #xxe##
d i
g x
h x
i e
182 Поле кодированных данных: тип средства _1
a Код типа средства (ISBD) n
2 Код системы (источник кода, отличный от ISBD) isbdmedia
200 Заглавие и сведения об ответственности 1_
a Заглавие Самая грандиозная подворотня мира
b Общее обозначение материала Текст
e Сведения, относящиеся к заглавию [маршруты Иосифа Бродского и его друзей по любимой Венеции]
f Первые сведения об ответственности Дмитрий Воденников
w Текст (визуальный) : непосредственный
203 Вид содержания и тип средства __
a Вид содержания Текст
b Характеристика содержания визуальный
c Тип средства непосредственный
333 Примечание о целевом назначении __
a Примечание о целевом назначении 16+
461 Уровень набора _0
1 2000
a STORY. Необыкновенные судьбы необыкновенных людей
463 Уровень физической единицы _0
1 001RU/CBS_UL/BASE/703100521
1 2000
a № 4
v С. 124-129 : фот.
1 210
d 2019
600 Персоналии _0
a Персоналии (Фамилия) Бродский
b Персоналии (Имя, инициалы) Иосиф Александрович
606 Тематические рубрики 0_
a Основная рубрика Бродский, Иосиф Александрович (1940-1996), о нём
610 Ключевые слова 0_
a Ключевые слова поэты
610 Ключевые слова 0_
a Ключевые слова российские поэты
610 Ключевые слова 0_
a Ключевые слова педагоги
610 Ключевые слова 0_
a Ключевые слова эссеисты
610 Ключевые слова 0_
a Ключевые слова лауреаты Нобелевской премии
610 Ключевые слова 0_
a Ключевые слова переводчики
686 Индексы других классификаций __
a Классификационный индекс 83.3(2Рос=Рус)6
2 Код системы rubbk
700 Автор _1
a Фамилия Воденников
b Имя (инициалы) Д.
g Полное личное имя Дмитрий
801 Источник записи _0
a Страна RU
b Организация МБУК ЦБС г. Ульяновска
c Дата составления 20220412
g Правила каталогизации RCR
801 Источник записи _1
a Страна RU
b Организация МБУК ЦБС г. Ульяновска
c Дата составления 20220412
g Правила каталогизации RCR
901 Тип документа __
t Тип документа b
w Контрольный № источника RU/CBS_UL/BASE/703100521
910 Корректоры записи __
a Корректор записи Библиотека 15
938 Служебная информация __
a Имя БД period